Statistics for Spanish Vocabulary Words That Start With A

Click here to take the quiz!

General Stats

  • This quiz has been taken 3,064 times
  • The average score is 59 of 97

Answer Stats

English español % Correct
wateragua
95%
grandmotherabuela
94%
grandfatherabuelo
94%
Aprilabril
93%
yearaño
93%
goodbyeadiós
93%
friendamigo
93%
nowahora
91%
to openabrir
91%
ricearroz
89%
tallalto
88%
yellowamarillo
88%
loveamor
87%
augustagosto
86%
to learnaprender
85%
yesterdayayer
85%
to helpayudar
84%
sugarazúcar
83%
artarte
83%
beforeantes
82%
to acceptaceptar
82%
airportaeropuerto
81%
adultadulto
79%
activityactividad
78%
treeárbol
77%
accidentaccidente
77%
boredaburrido
77%
activeactivo
77%
agencyagencia
76%
lawyerabogado
74%
lunchalmuerzo
73%
actionacción
73%
new yearaño nuevo
73%
alcoholalcohol
72%
attentionatención
72%
tunaatún
71%
to adoptadoptar
70%
agentagente
69%
acidácido
69%
airaire
69%
to abuseabusar
69%
actressactriz
68%
someonealguien
68%
ambulanceambulancia
68%
garlicajo
67%
airplaneavión
66%
absolutelyabsolutamente
65%
oilaceite
64%
Germanyalemania
64%
uparriba
64%
to turn offapagar
63%
allergyalergia
61%
aggressiveagresivo
61%
accentacento
61%
alarmalarma
60%
ringanillo
59%
soulalma
56%
weaponarma
55%
friendshipamistad
54%
to rentalquilar
54%
sandarena
54%
arrogantarrogante
54%
somealgunos
54%
beeabeja
53%
surnameapellido
52%
carpetalfombra
50%
avocadoaguacate
50%
cottonalgodón
49%
abdomenabdomen
49%
abandonedabandonado
49%
seatasiento
46%
shaveafeitar
44%
wideancho
43%
althoughaunque
43%
to save (money)ahorrar
43%
elevatorascensor
43%
cheerfulalegre
42%
eagleáguila
42%
architectarquitecto
41%
asthmaasma
40%
aroundalrededor de
39%
oliveaceituna
38%
teenageradolescente
37%
to fixarreglar
36%
to become used toacostumbrarse
34%
pillowalmohada
32%
to guessadivinar
29%
sidewalkacera
28%
freewayautopista
28%
to shakeagitar
28%
frightenedasustado
27%
adaptoradaptador
27%
almondsalmendras
25%
customs (airport)aduanas
24%
to warnavisar
24%
to betapostar
23%
accommodationalojamiento
14%

Score Distribution

Percentile by Number Answered

Percent of People with Each Score

Your Score History

You have not taken this quiz